000 00492nam a22001937a 4500
003 MPLRDC
005 20220104114710.0
008 210129b ||||| |||| 00| 0 eng d
020 _a7-307-01825-X
082 _a782.08 ZGMR v.9
100 _a杨行恭
245 _a风流才子唐伯虎
_c
250 _a一版一刷
260 _a
_b武汉大学出版社
_c1994
300 _b
490 _a中国名人轶事丛书. 9
650 _a中国传记丛书
942 _cBK
_o782.08 ZGMR v.9
999 _c9524
_d9514